Top 10 Biggest Autonomous Areas of Countries in the World - Statistics

General Stats
  • This quiz has been taken 16 times
  • The average score is 6 of 10
Answer Stats
Country Autonomous Area % Correct
Denmark Greenland
86%
United States Alaska
79%
Australia Western Australia
71%
Canada Nunavut
64%
Canada Quebec
57%
Australia Queensland
57%
Brazil Amazonas
43%
China Xinjiang
43%
Russia Sakha
36%
Russia Krasnoyarsk Krai
14%
No matching quizzes found
Score Distribution
Percent of People with Each Score
Percentile by Number Answered
Your Score History
You have not taken this quiz